| 000 | 01404nam a2200325 i 4500 | ||
|---|---|---|---|
| 003 | EG-GICUC | ||
| 005 | 20260122200827.0 | ||
| 008 | 260122b1970 ua ||||f |||| 00| 0 ara d | ||
| 017 | _a1970/2091 | ||
| 040 |
_a EG-GICUC _c EG-GICUC _d EG-GICUC _erda _bara |
||
| 041 | 0 | _aara | |
| 082 | 0 | 4 |
_221 _a345.693 _bم ح . ر |
| 092 | 0 | 4 | _221 |
| 099 | _aLaw1 07 345.693 م ح . ر 1 ed - 1970 | ||
| 100 | 0 |
_aمحمود عاطف البنا _eمؤلف. |
|
| 245 | 1 | 2 |
_aالرقابة القضائية لأعمال الإدارة. _nالجزء الأول ، _pعموميات تنظيم الرقابة القضائية على أعمال الادارة العامة في الجمهورية العربية المتحدة / _cإعداد محمود عاطف البنا ، بكر القباني. |
| 250 | _aالطبعة الأولي | ||
| 264 | 1 |
_aالقاهرة : _bمكتب القاهر الحديث، _c1970. |
|
| 300 |
_a352 ؛ صفحة _c24 سم. |
||
| 336 |
_2rda content _atext |
||
| 337 |
_2rda media _aComputer |
||
| 338 |
_2rda carrier _aOnline Resource |
||
| 546 | _aالنص باللغة العربية | ||
| 650 | 1 | 4 | _2الرقابة القضائية علي اعمال الادارة |
| 650 | 1 | 4 | _2القانون الإداري |
| 700 |
_aبكر القباني _eمؤلف مشارك. |
||
| 856 | 4 | 0 | _uhttps://fll.law.cu.edu.eg/fulltext/bks/B07-02932.pdf |
| 905 | _a77 | ||
| 942 |
_2ddc _n0 _cBK _e21 |
||
| 999 |
_c58718 _d58718 |
||